The forms of narrative : a practical guide

Saved in:
Bibliographic Details
Main Author: Abbs, Peter, 1942-
Other Authors: Richardson, John
Format: Book
Language:English
Published: New York : Cambridge University Press, 1990.
Subjects:
Tags: Add Tag
No Tags, Be the first to tag this record!

MARC

LEADER 00000cam a2200000 i 4500
001 1/67091
008 990120s1990 nyu| | | |||| ||eng||
020 |a 0521371597 
035 |l 10047416 
040 |a GR-MyUa  |b gre  |e AACR2 
041 0 |a eng 
082 7 |a 808.042   |2 (22) 
100 1 |a Abbs, Peter,   |d 1942- 
245 1 4 |a The forms of narrative :   |b a practical guide /   |c Peter Abbs, John Richardson. 
260 |a New York :   |b Cambridge University Press,   |c 1990. 
300 |a 192 p.  |c 27 εκ. 
650 0 |a English language  |x Composition. 
700 1 |a Richardson, John. 
852 |a INST  |b RHODES  |e 19990120  |h 808.042 ABB  |p 005400009562  |q 005400009562  |t BK  |y 0 
922 |a 4ΕΛΗ  |b 199304  |c ΠΟΛΕΜΙΚΟΥ